• 首页
  • 本馆介绍
  • 公告通知
  • 最新文献
  • 馆藏检索
  • 电子资源
  • 读者导购
  • 参考咨询
  • 我的图书馆
  • 登录
  • 详细信息显示
  • 放入我的书架
  • 预约/预借图书
  • 作者相关作品
  • 分类相关作品
  • 丛书相关作品
  • 出版社相关作品

书目信息

  • 表格格式
  • 工作单格式
  • 卡片格式
题名:
电影摄影画面创作
    
 
作者: 张会军 著
分册:  
出版信息: 北京   中国电影出版社  1998
页数: 315页
开本: 20cm
丛书名:
单 册:
中图分类: J93
科图分类:
主题词: 电影摄影 , 电视摄影
电子资源:
ISBN: 7-106-01314-5
000 00579nam0 2200205 450
001 0654790593
005 20070621143411.34
010    @a7-106-01314-5@dCNY23.00
100    @a20061018d1998 km y0chiy0120 ea
101 0  @achi
102    @aCN@b110000
200 1  @a电影摄影画面创作@Adian ying she ying hua mian chuang zuo@f张会军著@Fzhang hui jun zhu
210    @a北京@c中国电影出版社@d1998
215    @a315页@c版图@d20cm
606 0  @a电影摄影
606 0  @a电视摄影
690    @aJ93@v3
701  0 @a张会军@Azhang hui jun@4著
801  0 @aCN@bPFT@c20070621
905    @a10447@dJ93@e149
    
    电影摄影画面创作/张会军著.-北京:中国电影出版社,1998
    315页:版图;20cm
    
    
    ISBN 7-106-01314-5:CNY23.00
    
●
相关链接 在E读中查询图书 在五车中查询图书 在当当中查询图书 在豆瓣中查询图书


正题名:电影摄影画面创作     索取号:J93/149         预约/预借

序号 登录号 条形码 馆藏地/架位号 状态 备注
1 0502781   205027816   第一样本阅览室/ [索取号:J93/149] 在馆    
2 0659945   206599457   第一借阅区/ [索取号:J93/149] 在馆    
3 0659946   206599466   第一借阅区/ [索取号:J93/149] 在馆    
4 0659947   206599475   第一借阅区/ [索取号:J93/149] 在馆    
5 0659948   206599484   第一借阅区/ [索取号:J93/149] 在馆    
6 0659949   206599493   第一借阅区/ [索取号:J93/149] 在馆    
唐山师范学院图书馆 欢迎您!
大连网信软件有限公司© 版权所有